ਸ੍ਰੀ ਗੁਰੂ ਗਰੰਥ ਸਾਹਿਬ ਬੋਧ (Record no. 110678)

MARC details
000 -LEADER
fixed length control field 01160nam a22002537a 4500
005 - DATE AND TIME OF LATEST TRANSACTION
control field 20170123164155.0
010 ## - LIBRARY OF CONGRESS CONTROL NUMBER
LC control number A-869489
020 ## - INTERNATIONAL STANDARD BOOK NUMBER
International Standard Book Number 8172050674
Terms of availability 45.00
035 ## - SYSTEM CONTROL NUMBER
System control number A-869489
037 ## - SOURCE OF ACQUISITION
Stock number Cen Lib / Ret
040 ## - CATALOGING SOURCE
Original cataloging agency DPL
Language of cataloging PN
082 ## - DEWEY DECIMAL CLASSIFICATION NUMBER
Classification number 260.2
Item number ਜੋਗਿੰਦ
100 ## - MAIN ENTRY--PERSONAL NAME
Personal name ਜੋਗਿੰਦਰ ਸਿੰਘ ਤਲਵਾੜਾ
9 (RLIN) 43519
245 ## - TITLE STATEMENT
Title ਸ੍ਰੀ ਗੁਰੂ ਗਰੰਥ ਸਾਹਿਬ ਬੋਧ
Remainder of title ਭਾਗ 2 : ਗੁਰਬਾਣੀ ਉਚਾਰਨ
Statement of responsibility, etc ਜੋਗਿੰਦਰ ਸਿੰਘ ਤਲਵਾੜਾ
246 ## - VARYING FORM OF TITLE
Title proper/short title Sri guru granth sahib bodh : part 2 : Grubani ucharan : in introduction to the pronunciation of the sikh scripture
Remainder of title by Joginder Singh Talwara
260 ## - PUBLICATION, DISTRIBUTION, ETC. (IMPRINT)
Place of publication, distribution, etc ਅੰਮ੍ਰਿਤਸਰ
Name of publisher, distributor, etc ਸਿੰਘ ਬ੍ਰਦਰਜ਼
Date of publication, distribution, etc 1996
270 ## - ADDRESS
Address ਕੀਤੀ ਕੰਟਰ
City ਅੰਮ੍ਰਿਤਸਰ
300 ## - PHYSICAL DESCRIPTION
Extent 102p.
Other physical details 23cm(Hb)
650 ## - SUBJECT ADDED ENTRY--TOPICAL TERM
Topical term or geographic name as entry element ਪੰਜਾਬੀ ਸਾਹਿਤ
9 (RLIN) 130943
650 ## - SUBJECT ADDED ENTRY--TOPICAL TERM
Topical term or geographic name as entry element ਪੰਜਾਬੀ -- ਧਰਮ
9 (RLIN) 1301
650 ## - SUBJECT ADDED ENTRY--TOPICAL TERM
Topical term or geographic name as entry element Punjabi literature
9 (RLIN) 781
650 ## - SUBJECT ADDED ENTRY--TOPICAL TERM
Topical term or geographic name as entry element Punjabi -- religions
9 (RLIN) 130944
942 ## - ADDED ENTRY ELEMENTS (KOHA)
Source of classification or shelving scheme Dewey Decimal Classification
Koha item type Punjabi Bks
Classification part 260
Call number suffix ਜੋਗਿੰਦ
Holdings
Withdrawn status Lost status Materials specified (bound volume or other part) Damaged status Not for loan Home library Current library Date acquired Source of acquisition Cost, normal purchase price Total Checkouts Full call number Barcode Date last seen Copy number Cost, replacement price Price effective from Koha item type
    Part-2     Central Library Central Library 06/02/2016 Cen Lib/Ret 45.00   260.2 ਜੋਗਿੰਦ A-869489 06/02/2016 1 45.00 15/09/2016 Punjabi Bks

© Delhi Public Library
Hit Counter
free hit counter